1373 1296 1643 1675 1826 1308 1296 1673 1013 1595 1795 1242 1093 1702 1559 1780 1281 1491 1757 1841 1063 1301 1230 1060 1854 1426 1962 1040 1465 1728 1265 1957 1584 1471 1614 1924 1460 1037 1199 1935 1754 1701 1029 1769 1484 1520 1004 1296 1925 1930 1078 1216 1079 1229 1351 1330 1524 1819 1773 1049 1084 1006 1045 1678 1070 1508 1462 1688 1979 1819 1080 1434 1180 1159 1842 1209 1777 1015 1519 1792 1301 1738 1024 1304 1343 1332 1271 1028 1020 1404 1395 1788 1829 1994 1497 1937 1085 1562 1100 BCNSPRNW ULIB Ver.6.0+V

เปลี่ยนเป็นภาษาไทย

Change to English
 แสดงรายละเอียดบรรณานุกรม
  กลับหน้าหลัก

Brief Record : Get Marc (ISO 2709) : E-mail record : QR code < ปิดหน้าต่าง
LEADER : 00000nam 2200000uu 4500
001    13399113556
003     ULIB
008    110627s2552||||th 000 0 tha d
020    9786160600625
090    นว.^bT111ก 2552
100 0  The Little Finger
245 00 กบฏหน้าใสล็อกหัวใจไว้เคียงรัก/^cThe Little Finger
250    พิมพ์ครั้งที่ 1
260    กรุงเทพฯ :^bแจ่มใส,^c2552
300    232 หน้า
710 1  แจ่มใส
945    ^p169^l0^i026738
995    ทศพร
999 ^a ใช้งานได้ทุกระบบ
รายการนี้ยังไม่มีแท็ก
คุณยังไม่ได้ล็อกอิน คุณสามารถมีกิจกรรมร่วมกับเว็บไซต์ได้ แต่ต้องล็อกอินก่อน ::
  ล็อกอิน

รายการสื่อสารสนเทศ

ลำดับที่ ประเภท เลขเรียก/บาร์โค้ด สถานที่ สถานะ
1. นวนิยาย
นวนิยาย
นว. T111ก 2552 ฉ.1 
  Barcode: 026738
ห้องสมุดวิทยาเขตสวรรค์ประชารักษ์
►นวนิยาย
บนชั้น
  ขอยืม

รายการใกล้เคียง
    ผู้แต่ง [The Little Finger]

BibComment


ยังไม่เคยถูกคอมเมนท์

คอมเมนท์ทรัพยากรรายการนี้
  คอมเมนท์: กบฏหน้าใสล็อกหัวใ..


 Copyright 2026. Bcnsprnw @Library